000 00577nam a2200193Ia 4500
005 20250923144810.0
008 008 250917s9999 xx 000 0 eng d
037 _aTextual
040 _aDSWL
_beng
_cDSWL
041 _aeng
_2eng
084 _aL:5.2'N61<-N59t5, N62
_qDSWL
245 0 _aReport of the health survey and planning commission Vol. I
_cby Government of India
260 _aIndia
_bofHealth, Govt. of
_c1961
300 _a476,56p.
365 _aINR
_b6
925 _g6
942 _cTEXL
_hL:5.2'N61<-N59t5, N62
999 _c1443494
_d1443494